TV Pop-Ups Quiz Stats

 Plays Quiz Updated Aug 7, 2017

Support Sporcle.
Go Orange.
Score 0/10 Timer 05:00
1 Play Today
% Correct
Star Trek
97.6%
Game of Thrones
90.2%
The Simpsons
90%
The Big Bang Theory
88.2%
Scooby-Doo, Where Are You!
84.9%
The Fresh Prince of Bel-Air
81.1%
Doctor Who
79.4%
Breaking Bad
71.6%
Sesame Street
69%
House, M.D.
43.9%

You're not logged in!

Compare scores with friends on all Sporcle quizzes.
OR
Log In
Forgot?

From the Vault

_ _ Y Words

by gunthertoody

Why oh why do these words end in 'Y'?
Remove Ads.
Support Sporcle.
Get the best of Sporcle when you Go Orange. This ad-free experience offers more features, more stats, and more fun while also helping to support Sporcle. Thank you for becoming a member.

Show Comments

Extras

Top Quizzes Today


Score Distribution

Your Account Isn't Verified!

In order to create a playlist on Sporcle, you need to verify the email address you used during registration. Go to your Sporcle Settings to finish the process.

Report this User

Report this user for behavior that violates our Community Guidelines.

Details: